| 000 | 00519cam a2200217ua 4500 | ||
|---|---|---|---|
| 001 | 9018 | ||
| 005 | 20260515114420.0 | ||
| 008 | 150219n ii |||gr||||Z||||||asm | ||
| 020 | _a9788173394355 | ||
| 040 | _cMAIN | ||
| 041 | _aasm | ||
| 082 | _a891.4513N | ||
| 100 |
_aKashyap, H., _eAuthor. |
||
| 245 | 1 |
_aSangeet _cBy H. Kashyap |
|
| 250 | _a1st. | ||
| 260 |
_aDibrugarh: _bBanalata, _c2012. |
||
| 300 | _a268p. | ||
| 653 | _aEast Indo-European & Celtic literatures | ||
| 653 | _aAssamese novels | ||
| 942 | _cBK | ||
| 999 |
_c8102 _d8102 |
||